Three Letter Words Starting With C - Statistics

General Stats
  • This quiz has been taken 566 times
  • The average score is 27 of 37
Answer Stats
word % Correct
can
97%
cat
97%
car
93%
cap
90%
cab
89%
cad
89%
cop
88%
cow
87%
cam
86%
con
86%
cot
86%
cut
85%
caw
84%
cod
82%
cup
82%
cob
79%
cog
78%
coy
76%
cub
76%
cay
74%
cud
74%
cur
72%
cor
71%
col
69%
cum
69%
cos
67%
cox
64%
cry
64%
cue
59%
coo
54%
cel
52%
chi
51%
cig
50%
cep
46%
cis
46%
cee
43%
cwm
3%
No matching quizzes found
Score Distribution
Percent of People with Each Score
Percentile by Number Answered
Your Score History
You have not taken this quiz